ბათუმის შოთა რუსთაველის სახელმწიფო უნივერსიტეტის ბიბლიოთეკა

Государственная и муниципальная служба. (ბიბ.ჩანაწერი № 35974)

000 -LEADER
fixed length control field 00666nam a2200205Ia 4500
001 - CONTROL NUMBER
control field 1873
003 - CONTROL NUMBER IDENTIFIER
control field GE_BSU
008 - FIXED-LENGTH DATA ELEMENTS--GENERAL INFORMATION
fixed length control field 181216s||||||||xx |||||||||||||| ||und||
040 ## - CATALOGING SOURCE
Transcribing agency GE_BSU
080 ## - UNIVERSAL DECIMAL CLASSIFICATION NUMBER
Universal Decimal Classification number 351(075.32)
100 ## - MAIN ENTRY--PERSONAL NAME
Personal name Щербаков,Ю.Н.
245 ## - TITLE STATEMENT
Title Государственная и муниципальная служба.
245 ## - TITLE STATEMENT
Remainder of title Учебник для студ. сред. профессиональ. образования.
260 ## - PUBLICATION, DISTRIBUTION, ETC.
Place of publication, distribution, etc. Ростов На-Дону
260 ## - PUBLICATION, DISTRIBUTION, ETC.
Name of publisher, distributor, etc. Феникс
260 ## - PUBLICATION, DISTRIBUTION, ETC.
Date of publication, distribution, etc. 2007
300 ## - PHYSICAL DESCRIPTION
Extent 256 с.
653 ## - INDEX TERM--UNCONTROLLED
Uncontrolled term Государственная и муниципальная служба
942 ## - ADDED ENTRY ELEMENTS (KOHA)
Koha item type წიგნი
ეგზემპლარები
Withdrawn status Lost status Damaged status Not for loan Date acquired Barcode Date last seen Price effective from Koha item type
        2018-12-17 3749 2018-12-17 2018-12-17 წიგნი